[Event "Thüringenliga 2025/26"]
[Site "?"]
[Date "2025.09.14"]
[Round "1.1"]
[White "Nguyen, Huy Dat"]
[Black "Meitzner, Jonathan Franz"]
[Result "1-0"]
[WhiteElo "2069"]
[BlackElo "1814"]
[WhiteFideId "-1"]
[BlackFideId "-1"]
[PlyCount "60"]
[GameId "2222684674184253"]
[EventDate "2025.09.14"]
[EventType "team-tourn"]
[EventRounds "9"]
[SourceTitle "Thueringer Schachbund"]
[Source "ThSB"]
[SourceDate "2025.09.14"]
[SourceVersion "1"]
[SourceVersionDate "2025.09.14"]
[SourceQuality "1"]
[WhiteTeam "SV Medizin Erfurt"]
[BlackTeam "SC Rochade Leinefelde"]

{[%evp 0,60,19,17,22,1,4,6,6,-20,-4,12,-4,5,36,17,25,23,41,6,18,3,37,-18,84,94,83,35,110,101,103,79,77,48,74,56,58,65,65,73,69,77,67,60,68,68,116,73,91,113,105,115,116,117,119,119,117,125,163,143,243,244,1834]} 1. d4 Nf6 2. c4 e6 3. Nf3 d5 4. g3 Be7 5. Bg2 O-O 6. O-O b6 7. Ne5 Bb7 8. Nc3 Ne4 9. Qc2 f6 10. Nf3 f5 11. Bf4 a6 12. cxd5 exd5 13. Rac1 Bd6 14. Bxd6 Qxd6 15. Ne5 c5 16. e3 Nc6 17. Nxe4 fxe4 18. Nxc6 Qxc6 19. dxc5 Rac8 20. b4 a5 21. a3 axb4 22. axb4 Qb5 23. Qa2 Kh8 24. cxb6 Ra8 25. Qb2 Qxb6 26. Rfd1 Ra4 27. b5 Ra5 28. Bf1 h6 29. Rd2 Rb8 30. Qe5 Ra2 1-0

[Event "Thüringenliga 2025/26"]
[Site "?"]
[Date "2025.09.14"]
[Round "1.2"]
[White "Kachel, Alfred"]
[Black "Kirschbaum, Gunnar"]
[Result "0-1"]
[WhiteElo "1833"]
[BlackElo "1991"]
[WhiteFideId "-1"]
[BlackFideId "-1"]
[PlyCount "46"]
[GameId "2222693732090945"]
[EventDate "2025.09.14"]
[EventType "team-tourn"]
[EventRounds "9"]
[SourceTitle "Thueringer Schachbund"]
[Source "ThSB"]
[SourceDate "2025.09.14"]
[SourceVersion "1"]
[SourceVersionDate "2025.09.14"]
[SourceQuality "1"]
[WhiteTeam "SC Rochade Leinefelde"]
[BlackTeam "SV Medizin Erfurt"]

{[%evp 0,46,24,17,73,17,17,9,9,-85,-9,-12,-34,-22,-1,-1,2,-14,-13,-26,-34,-55,-44,-77,-51,-56,-44,-58,-58,-58,-52,-53,-50,-48,-50,-42,-15,-15,-21,-115,-123,-310,-321,-370,-378,-464,-459,-458,-363]} 1. d4 d6 2. c4 e5 3. dxe5 dxe5 4. Qc2 c6 5. e4 Nf6 6. Nf3 Bg4 7. Be2 Nbd7 8. a3 a5 9. Be3 Bc5 10. Bxc5 Nxc5 11. O-O Bxf3 12. Bxf3 Ne6 13. Nd2 Qe7 14. Qc3 Nd4 15. b4 axb4 16. axb4 O-O 17. c5 Rxa1 18. Rxa1 Rd8 19. Nc4 Nxe4 20. Qd3 Ng5 21. Nd6 Ndxf3+ 22. gxf3 Nh3+ 23. Kf1 Qg5 0-1

[Event "Thüringenliga 2025/26"]
[Site "?"]
[Date "2025.09.14"]
[Round "1.3"]
[White "Grund, Sebastian"]
[Black "May, Alexander"]
[Result "0-1"]
[WhiteElo "2017"]
[BlackElo "1890"]
[WhiteFideId "-1"]
[BlackFideId "-1"]
[PlyCount "66"]
[GameId "2222729107031132"]
[EventDate "2025.09.14"]
[EventType "team-tourn"]
[EventRounds "9"]
[SourceTitle "Thueringer Schachbund"]
[Source "ThSB"]
[SourceDate "2025.09.14"]
[SourceVersion "1"]
[SourceVersionDate "2025.09.14"]
[SourceQuality "1"]
[WhiteTeam "SV Medizin Erfurt"]
[BlackTeam "SC Rochade Leinefelde"]

{[%evp 0,66,24,17,17,25,25,10,2,-29,-7,14,10,22,33,-2,2,-33,13,8,60,18,24,5,1,-7,0,-7,0,0,0,-9,-9,-13,-17,-15,-4,-1,-1,-17,-30,-28,-50,-57,-49,-103,-32,-50,-23,-88,-116,-132,-174,-465,-503,-770,-714,-714,-738,-851,-919,-29995,-1305,-1355,-1355,-29997,-29998,-29999,-29999]} 1. d4 d5 2. Nf3 Nf6 3. c4 e6 4. g3 Be7 5. Bg2 O-O 6. O-O b6 7. Qc2 Bb7 8. Ne5 Nbd7 9. cxd5 Nxe5 10. dxe5 Nxd5 11. Rd1 Qc8 12. Nc3 Nxc3 13. Qxc3 Bxg2 14. Kxg2 Qb7+ 15. f3 Rfd8 16. Be3 c5 17. Qc4 b5 18. Qg4 Rd5 19. Bh6 Bf8 20. Bg5 Rxe5 21. e4 c4 22. Rd2 Rc5 23. Rad1 b4 24. Bf6 c3 25. Rd8 g6 26. R1d7 Rxd8 27. Rxb7 Rd2+ 28. Kh3 c2 29. Bg5 c1=Q 30. Qf4 Rxh2+ 31. Kxh2 Rc2+ 32. Kh3 Qh1+ 33. Kg4 h5# 0-1

[Event "Thüringenliga 2025/26"]
[Site "?"]
[Date "2025.09.14"]
[Round "1.4"]
[White "Körner, Jonas"]
[Black "Jakob, Matthias"]
[Result "1/2-1/2"]
[WhiteElo "1875"]
[BlackElo "1963"]
[WhiteFideId "-1"]
[BlackFideId "-1"]
[PlyCount "132"]
[GameId "2222752126219372"]
[EventDate "2025.09.14"]
[EventType "team-tourn"]
[EventRounds "9"]
[SourceTitle "Thueringer Schachbund"]
[Source "ThSB"]
[SourceDate "2025.09.14"]
[SourceVersion "1"]
[SourceVersionDate "2025.09.14"]
[SourceQuality "1"]
[WhiteTeam "SC Rochade Leinefelde"]
[BlackTeam "SV Medizin Erfurt"]

{[%evp 0,132,24,16,74,67,69,75,92,70,71,50,69,50,73,65,72,76,69,64,63,57,95,78,81,69,45,53,83,19,23,31,18,-3,5,4,16,-13,-23,-24,-21,-29,-32,-32,-19,-19,-14,-20,-6,-7,-7,-7,-7,-7,31,31,70,-23,-26,-15,0,0,0,0,0,0,0,0,0,-4,27,23,23,23,23,23,25,25,28,0,0,0,130,128,131,131,137,140,144,132,138,137,137,137,138,137,137,137,137,108,137,108,137,137,137,118,137,137,137,137,137,137,137,136,124,129,129,129,129,129,129,99,102,78,129,78,79,52,75,51,30,1,0,0,0]} 1. e4 d6 2. d4 Nf6 3. Nc3 g6 4. Nf3 Bg7 5. Be2 O-O 6. O-O c6 7. a4 Qc7 8. h3 Nbd7 9. Be3 e5 10. dxe5 dxe5 11. Bc4 Nh5 12. Qd2 Nb6 13. Bb3 Be6 14. Rfd1 Rad8 15. Qe1 Nf4 16. Ne2 Bxb3 17. cxb3 Ne6 18. Rxd8 Rxd8 19. Rd1 Nc8 20. Rxd8+ Qxd8 21. Qd2 Qxd2 22. Nxd2 c5 23. Nc3 b6 24. Nd5 f5 25. f3 Kf7 26. b4 Bf8 27. Nc4 Bd6 28. Nxd6+ Nxd6 29. bxc5 bxc5 30. exf5 gxf5 31. b4 cxb4 32. Nxb4 a5 33. Nc6 Nc4 34. Bf2 Ke8 35. Be1 Nc5 36. Nxa5 Nxa5 37. Bxa5 Nxa4 38. Bc7 e4 39. fxe4 fxe4 40. Kf2 Kd7 41. Be5 Nc5 42. Ke3 Ke7 43. Bd4 Ne6 44. Bb6 Kf7 45. Kxe4 Kg6 46. Ke5 Ng7 47. Be3 h5 48. Ke4 Ne6 49. Kf3 Ng7 50. Bf4 Nf5 51. Bg3 Kg5 52. Bf2 Ne7 53. Ke4 Nf5 54. Bc5 Ng3+ 55. Kf3 Nf5 56. g3 Kg6 57. Kf4 Ng7 58. Ke5 Nf5 59. Bf2 Ng7 60. Kd6 Kf5 61. Ke7 Kg6 62. Be1 Nf5+ 63. Kf8 Ng7 64. Bd2 Nf5 65. Bf4 Nd4 66. Be5 Ne6+ 1/2-1/2

[Event "Thüringenliga 2025/26"]
[Site "?"]
[Date "2025.09.14"]
[Round "1.5"]
[White "Reichel, Norbert"]
[Black "Meitzner, Johan Eduard"]
[Result "1/2-1/2"]
[WhiteElo "1906"]
[BlackElo "1701"]
[WhiteFideId "-1"]
[BlackFideId "-1"]
[PlyCount "62"]
[GameId "2222758552454259"]
[EventDate "2025.09.14"]
[EventType "team-tourn"]
[EventRounds "9"]
[SourceTitle "Thueringer Schachbund"]
[Source "ThSB"]
[SourceDate "2025.09.14"]
[SourceVersion "1"]
[SourceVersionDate "2025.09.14"]
[SourceQuality "1"]
[WhiteTeam "SV Medizin Erfurt"]
[BlackTeam "SC Rochade Leinefelde"]

{[%evp 0,62,28,-17,-12,-32,-17,-37,6,7,2,0,5,-12,-19,-9,25,35,36,3,22,19,10,2,12,-2,13,13,31,31,38,38,38,35,35,31,31,33,40,0,0,3,58,55,55,26,21,24,31,19,14,19,24,23,36,36,71,77,68,75,57,72,137,111,113]} 1. c4 e5 2. g3 Nc6 3. Bg2 Nge7 4. Nc3 g6 5. Nf3 Bg7 6. e3 O-O 7. O-O h6 8. d4 exd4 9. Nxd4 Nxd4 10. exd4 Nf5 11. Ne2 Qf6 12. d5 d6 13. Rb1 g5 14. b3 Re8 15. Bb2 Qg6 16. Qd2 Bd7 17. Rfe1 Bxb2 18. Qxb2 Re5 19. Qd2 Rae8 20. Nc3 Ng7 21. Rxe5 Rxe5 22. Re1 Rxe1+ 23. Qxe1 Qd3 24. Be4 Qd4 25. Kg2 f5 26. Bb1 Kf7 27. Ne2 Qe5 28. Qd2 b6 29. f4 Qf6 30. Nd4 g4 31. Bc2 h5 1/2-1/2

[Event "Thüringenliga 2025/26"]
[Site "?"]
[Date "2025.09.14"]
[Round "1.6"]
[White "Frank, Thomas"]
[Black "Fischer, Kay"]
[Result "1-0"]
[WhiteElo "1831"]
[BlackElo "1866"]
[WhiteFideId "-1"]
[BlackFideId "-1"]
[PlyCount "115"]
[GameId "2222799145575595"]
[EventDate "2025.09.14"]
[EventType "team-tourn"]
[EventRounds "9"]
[SourceTitle "Thueringer Schachbund"]
[Source "ThSB"]
[SourceDate "2025.09.14"]
[SourceVersion "1"]
[SourceVersionDate "2025.09.14"]
[SourceQuality "1"]
[WhiteTeam "SC Rochade Leinefelde"]
[BlackTeam "SV Medizin Erfurt"]

{[%evp 0,115,23,17,30,1,1,9,8,1,1,2,8,11,10,-8,24,25,33,31,31,15,24,21,32,28,35,30,37,22,18,-21,-13,-18,10,-16,-13,-1,2,-14,-12,-9,-11,-16,-17,-29,-32,-42,-53,-53,-15,-14,-4,-18,-32,-38,-53,-38,-15,12,22,-21,-20,-17,2,-7,12,0,-1,-73,-97,-98,28,36,49,0,58,67,102,124,128,130,113,112,120,128,144,120,141,107,121,102,136,93,92,102,89,92,88,26,14,1,1,-56,-56,-49,-57,-111,-49,-66,0,0,149,143,149,149,1239,1236]} 1. d4 e6 2. c4 d5 3. Nc3 Nf6 4. cxd5 exd5 5. Bg5 c6 6. e3 h6 7. Bh4 Nbd7 8. Bd3 Be7 9. Qc2 O-O 10. Nge2 Re8 11. O-O Nf8 12. f3 Be6 13. Rae1 Rc8 14. Qd2 Ne4 15. Nxe4 Bxh4 16. Nf2 Qd7 17. b4 Bf5 18. Nf4 Bg5 19. Bxf5 Qxf5 20. Qd3 Qd7 21. N2h3 Be7 22. Qb3 Bd6 23. Nd3 Qc7 24. f4 Kh8 25. Nhf2 f6 26. Kh1 Re7 27. Re2 Rce8 28. Rfe1 Ng6 29. g3 Nf8 30. a4 Ne6 31. Qb2 Qc8 32. Nc5 Nd8 33. e4 b6 34. e5 fxe5 35. fxe5 Bb8 36. Ncd3 Qf5 37. Qd2 Ne6 38. Nf4 Nf8 39. Qc2 Qd7 40. Rc1 Rc8 41. Qd3 Kg8 42. Rec2 Ne6 43. Nxe6 Rxe6 44. Qf5 Rf8 45. Qg4 Qf7 46. Kg2 c5 47. bxc5 bxc5 48. Nd3 Rg6 49. Qe2 c4 50. Nc5 Bc7 51. e6 Qe7 52. Rf1 Rxf1 53. Qxf1 Rf6 54. Rf2 Bb6 55. Rxf6 gxf6 56. Qf5 Bxc5 57. dxc5 Qxc5 58. Qg6+ 1-0

[Event "Thüringenliga 2025/26"]
[Site "?"]
[Date "2025.09.14"]
[Round "1.7"]
[White "Ulrich, Helena Irene"]
[Black "Hellrung, Bernhard"]
[Result "1-0"]
[WhiteElo "1757"]
[BlackElo "1775"]
[WhiteFideId "-1"]
[BlackFideId "-1"]
[PlyCount "113"]
[GameId "2222817450349780"]
[EventDate "2025.09.14"]
[EventType "team-tourn"]
[EventRounds "9"]
[SourceTitle "Thueringer Schachbund"]
[Source "ThSB"]
[SourceDate "2025.09.14"]
[SourceVersion "1"]
[SourceVersionDate "2025.09.14"]
[SourceQuality "1"]
[WhiteTeam "SV Medizin Erfurt"]
[BlackTeam "SC Rochade Leinefelde"]

{[%evp 0,113,42,34,64,71,74,63,63,65,69,68,60,52,45,47,61,17,9,-29,38,40,24,21,29,49,75,26,34,18,8,17,16,-9,-11,-11,-4,-98,-105,-101,-101,-167,-158,-163,-114,-136,-125,-148,-137,-122,-118,-118,-109,-142,-134,-180,-186,-200,-180,-169,-186,-186,-160,-174,-172,-204,-208,-215,-210,-219,-197,-223,-130,-201,-148,-144,-152,-169,-127,-212,-149,-165,-140,-121,-121,-140,-118,-135,-134,-129,-109,-160,-159,-160,-130,-132,-148,-143,-148,-170,-188,-184,-142,-134,-143,-129,-111,-133,-141,-180,-182,-189,-188,-209,-211,-227]} 1. e4 d6 2. d4 Nf6 3. Nc3 Nbd7 4. f4 e5 5. Nf3 exd4 6. Qxd4 c6 7. Be3 d5 8. e5 Bc5 9. Qd2 Bxe3 10. Qxe3 Ng4 11. Qd4 Qe7 12. h3 Nh6 13. O-O-O Nf5 14. Qf2 Qc5 15. Nd4 Nxd4 16. Qxd4 Qxd4 17. Rxd4 Nc5 18. Be2 Ne6 19. Rd2 Nxf4 20. Bf3 O-O 21. Re1 Be6 22. Na4 b6 23. Rf2 Ng6 24. b3 Rac8 25. Nb2 Rc7 26. Rd2 Re8 27. Nd3 Bf5 28. Rde2 Bxd3 29. cxd3 Nf4 30. Rd2 Rce7 31. d4 f6 32. Rf1 fxe5 33. dxe5 Rxe5 34. Kd1 g5 35. Bg4 Re3 36. Bd7 R8e5 37. Bxc6 Rc3 38. Bd7 Rg3 39. Bc6 Kg7 40. Rff2 Rc3 41. Rc2 Rce3 42. Rcd2 Kg6 43. Bd7 Nd3 44. Rf1 Nc5 45. Bc6 Ne4 46. Rc2 Nc3+ 47. Kc1 d4 48. Rcf2 Ne2+ 49. Kd2 Nf4 50. Bf3 Rd3+ 51. Kc2 Rc5+ 52. Kb1 Re3 53. Rd2 d3 54. Rfd1 Kf6 55. Bb7 Ke5 56. Ba6 Kd4 57. Kb2 1-0

[Event "Thüringenliga 2025/26"]
[Site "?"]
[Date "2025.09.14"]
[Round "1.8"]
[White "Pfitzenreuter, Gerald"]
[Black "Fischer, Dennis"]
[Result "1-0"]
[WhiteElo "1852"]
[BlackElo "1863"]
[WhiteFideId "-1"]
[BlackFideId "-1"]
[PlyCount "43"]
[GameId "2222831661143267"]
[EventDate "2025.09.14"]
[EventType "team-tourn"]
[EventRounds "9"]
[SourceTitle "Thueringer Schachbund"]
[Source "ThSB"]
[SourceDate "2025.09.14"]
[SourceVersion "1"]
[SourceVersionDate "2025.09.14"]
[SourceQuality "1"]
[WhiteTeam "SC Rochade Leinefelde"]
[BlackTeam "SV Medizin Erfurt"]

{[%evp 0,43,23,17,23,6,43,41,45,37,33,9,15,9,20,11,48,19,32,40,32,26,23,31,19,-9,26,16,33,11,0,-29,26,22,46,39,39,32,42,31,32,45,46,29,350,353]} 1. d4 Nf6 2. c4 g6 3. Nc3 Bg7 4. e4 d6 5. f3 O-O 6. Be3 e5 7. Nge2 Nc6 8. Qd2 Nd7 9. d5 Ne7 10. g4 f5 11. gxf5 gxf5 12. Bg5 f4 13. Rg1 Nf6 14. Bh4 Bd7 15. O-O-O b6 16. Kb1 a6 17. Nc1 Qe8 18. Qg2 Qg6 19. Be2 Qxg2 20. Rxg2 Kh8 21. Rdg1 Rg8 22. Rxg7 1-0

[Event "Thüringenliga 2025/26"]
[Site "?"]
[Date "2025.09.14"]
[Round "1.1"]
[White "Junge, Mattheo Gabriel"]
[Black "Ziganshin, Ainur"]
[Result "0-1"]
[WhiteElo "1869"]
[BlackElo "2262"]
[WhiteFideId "-1"]
[BlackFideId "-1"]
[PlyCount "106"]
[GameId "2224600197946090"]
[EventDate "2025.09.14"]
[EventType "team-tourn"]
[EventRounds "9"]
[SourceTitle "Thueringer Schachbund"]
[Source "ThSB"]
[SourceDate "2025.09.14"]
[SourceVersion "1"]
[SourceVersionDate "2025.09.14"]
[SourceQuality "1"]
[WhiteTeam "SV Schott Jena"]
[BlackTeam "Ilmenauer SV"]

{[%evp 0,106,32,40,82,72,57,42,6,-19,5,9,44,53,31,35,70,66,67,62,54,-19,-38,-21,-48,-26,-15,-13,-27,-16,-52,-94,-83,-56,-21,-74,-70,-99,-80,-65,-57,-88,-118,-134,-130,-136,-128,-131,-131,-139,-134,-159,-166,-165,-160,-185,-168,-160,-150,-156,-172,-199,-223,-242,-219,-191,-224,-245,-165,-141,-143,-138,-117,-117,-101,-123,-129,-152,-146,-180,-199,-207,-127,-257,-239,-252,-253,-260,-266,-281,-291,-309,-308,-317,-317,-316,-324,-334,-405,-337,-473,-663,-692,-710,-734,-845,-924,-916,-1011]} 1. e4 c6 2. d4 d5 3. f3 dxe4 4. fxe4 e5 5. Nf3 Be6 6. Nc3 Bb4 7. a3 Ba5 8. b4 Bb6 9. d5 Bg4 10. dxc6 Nxc6 11. Qxd8+ Rxd8 12. Bb5 Nge7 13. Na4 f5 14. Nxb6 fxe4 15. O-O exf3 16. Na4 Rf8 17. Bg5 h6 18. Bxe7 Kxe7 19. Bxc6 bxc6 20. Rae1 Rd2 21. gxf3 Bxf3 22. Rf2 Rxf2 23. Kxf2 Kd6 24. Ke3 Bd5 25. Nc3 Rf3+ 26. Kd2 Rh3 27. Re2 Bf3 28. Rf2 e4 29. a4 Ke5 30. b5 cxb5 31. axb5 g5 32. Nd1 Bxd1 33. Kxd1 Rf3 34. Rd2 Rf1+ 35. Ke2 Rb1 36. Rd7 Rxb5 37. Rxa7 Rc5 38. Kd2 Kf4 39. Rh7 e3+ 40. Kd1 e2+ 41. Kd2 Rxc2+ 42. Ke1 Kf3 43. Rf7+ Kg4 44. Ra7 Kh4 45. Ra4+ g4 46. Ra6 h5 47. Ra5 Rc1+ 48. Kxe2 Rc2+ 49. Kf1 Rxh2 50. Kg1 Rc2 51. Rb5 g3 52. Ra5 Kg4 53. Ra4+ Kh3 0-1

[Event "Thüringenliga 2025/26"]
[Site "?"]
[Date "2025.09.14"]
[Round "1.2"]
[White "Eichenauer, Pascal"]
[Black "Abou Wally, Adrian"]
[Result "1-0"]
[WhiteElo "2105"]
[BlackElo "1923"]
[WhiteFideId "-1"]
[BlackFideId "-1"]
[PlyCount "101"]
[GameId "2224600197962475"]
[EventDate "2025.09.14"]
[EventType "team-tourn"]
[EventRounds "9"]
[SourceTitle "Thueringer Schachbund"]
[Source "ThSB"]
[SourceDate "2025.09.14"]
[SourceVersion "1"]
[SourceVersionDate "2025.09.14"]
[SourceQuality "1"]
[WhiteTeam "Ilmenauer SV"]
[BlackTeam "SV Schott Jena"]

{[%evp 0,101,25,17,19,9,32,38,83,62,51,51,51,50,43,51,43,47,43,40,42,42,70,78,78,66,45,52,56,66,48,44,40,33,6,28,25,30,29,34,30,19,36,23,57,48,40,-19,-20,-12,-13,-6,-8,-8,0,-26,-17,0,0,0,2,6,37,14,11,0,19,-65,-58,0,0,0,0,-20,0,0,0,0,0,0,0,0,0,0,300,128,117,131,814,949,972,982,1004,1012,1016,1015,1032,1032,1054,1308,1944,2102,2597,29421]} 1. d4 Nf6 2. c4 g6 3. Nc3 d5 4. cxd5 Nxd5 5. e4 Nxc3 6. bxc3 Bg7 7. Bc4 c5 8. Ne2 Nc6 9. Be3 O-O 10. O-O b6 11. dxc5 Qc7 12. cxb6 axb6 13. Rb1 Na5 14. Bd5 Rb8 15. Qa4 e6 16. Bxb6 Rxb6 17. Qxa5 Rc6 18. Qxc7 Rxc7 19. Bb3 Ba6 20. c4 Bxc4 21. Rfc1 Rfc8 22. Bxc4 Rxc4 23. f4 Bd4+ 24. Kf1 Be3 25. Rxc4 Rxc4 26. Ra1 Rxe4 27. g3 Rc4 28. a4 Kf8 29. a5 Ke8 30. a6 Rc7 31. Ra3 Bc5 32. Ra4 Ba7 33. Nd4 Bxd4 34. Rxd4 Ra7 35. Ra4 Kd7 36. Ke2 Kc6 37. Kd3 Kb5 38. Ra2 f6 39. Kd4 Rd7+ 40. Ke4 Ra7 41. g4 Rxa6 42. Rxa6 Kxa6 43. g5 fxg5 44. fxg5 Kb5 45. Ke5 Kc4 46. Kxe6 Kd4 47. Kf6 Ke4 48. Kg7 Kf5 49. h4 Kg4 50. Kxh7 Kh5 51. Kg7 1-0

[Event "Thüringenliga 2025/26"]
[Site "?"]
[Date "2025.09.14"]
[Round "1.3"]
[White "Kaipalath, Varun Raj"]
[Black "Nowak, Thomas"]
[Result "1/2-1/2"]
[WhiteElo "1853"]
[BlackElo "2005"]
[WhiteFideId "-1"]
[BlackFideId "-1"]
[PlyCount "53"]
[GameId "2224600198208236"]
[EventDate "2025.09.14"]
[EventType "team-tourn"]
[EventRounds "9"]
[SourceTitle "Thueringer Schachbund"]
[Source "ThSB"]
[SourceDate "2025.09.14"]
[SourceVersion "1"]
[SourceVersionDate "2025.09.14"]
[SourceQuality "1"]
[WhiteTeam "SV Schott Jena"]
[BlackTeam "Ilmenauer SV"]

{[%evp 0,53,23,31,44,39,40,40,63,4,37,47,50,42,31,19,42,13,16,9,9,6,3,-6,7,-11,-2,-17,5,-7,-9,2,-8,-11,-1,-13,-5,-75,-51,-86,-90,-132,-114,-114,-82,-78,-52,-48,-18,-15,-12,-3,-10,-7,0,-7]} 1. e4 e6 2. d4 d5 3. Nc3 Nf6 4. Bg5 Be7 5. e5 Nfd7 6. Bxe7 Qxe7 7. f4 a6 8. Nf3 c5 9. Qd2 Nc6 10. O-O-O b5 11. dxc5 Qxc5 12. g4 Nb6 13. Nd4 Bd7 14. Nxc6 Qxc6 15. Bd3 Rc8 16. Rhf1 Nc4 17. Bxc4 Qxc4 18. f5 b4 19. Nb1 a5 20. b3 Qc5 21. Rf2 h6 22. h4 Kd8 23. Qd4 Qxd4 24. Rxd4 Rc5 25. f6 g6 26. Kb2 Kc7 27. Rfd2 1/2-1/2

[Event "Thüringenliga 2025/26"]
[Site "?"]
[Date "2025.09.14"]
[Round "1.4"]
[White "Rauch, Arwid"]
[Black "Babrikowski, Peter"]
[Result "1/2-1/2"]
[WhiteElo "1704"]
[BlackElo "2090"]
[WhiteFideId "-1"]
[BlackFideId "-1"]
[PlyCount "39"]
[GameId "2224600198216429"]
[EventDate "2025.09.14"]
[EventType "team-tourn"]
[EventRounds "9"]
[SourceTitle "Thueringer Schachbund"]
[Source "ThSB"]
[SourceDate "2025.09.14"]
[SourceVersion "1"]
[SourceVersionDate "2025.09.14"]
[SourceQuality "1"]
[WhiteTeam "Ilmenauer SV"]
[BlackTeam "SV Schott Jena"]

{[%evp 0,39,39,46,44,5,-17,-12,-4,-3,0,-4,13,32,30,49,34,40,37,46,43,50,35,41,53,53,54,65,90,28,38,29,67,29,25,17,18,15,47,14,36,38]} 1. e4 c5 2. c3 d5 3. exd5 Qxd5 4. d4 Nc6 5. Nf3 e6 6. Be2 cxd4 7. cxd4 Nf6 8. Nc3 Qd8 9. O-O Be7 10. Be3 O-O 11. Rc1 b6 12. Ne5 Nb4 13. Bf3 Nbd5 14. Nxd5 Nxd5 15. Nc6 Qd6 16. Nxe7+ Qxe7 17. Bxd5 exd5 18. Bf4 Ba6 19. Re1 Qb4 20. Qd2 1/2-1/2

[Event "Thüringenliga 2025/26"]
[Site "?"]
[Date "2025.09.14"]
[Round "1.5"]
[White "Brömel, Richard"]
[Black "Jung, Timo"]
[Result "1-0"]
[WhiteElo "1972"]
[BlackElo "1639"]
[WhiteFideId "-1"]
[BlackFideId "-1"]
[PlyCount "72"]
[GameId "2224600198224622"]
[EventDate "2025.09.14"]
[EventType "team-tourn"]
[EventRounds "9"]
[SourceTitle "Thueringer Schachbund"]
[Source "ThSB"]
[SourceDate "2025.09.14"]
[SourceVersion "1"]
[SourceVersionDate "2025.09.14"]
[SourceQuality "1"]
[WhiteTeam "SV Schott Jena"]
[BlackTeam "Ilmenauer SV"]

{[%evp 0,72,31,25,76,24,17,-1,30,15,27,30,37,22,40,41,55,52,68,50,49,27,73,78,79,64,78,64,110,105,102,62,102,18,63,48,40,0,-21,-35,-8,-21,166,173,207,196,195,187,481,470,484,506,630,636,682,690,827,542,585,495,483,445,502,514,545,462,527,525,564,551,742,726,1175,1215,1245]} 1. d4 c5 2. c3 e6 3. Nf3 d5 4. Bf4 Nc6 5. e3 Nge7 6. Bd3 Ng6 7. Bg3 Be7 8. Nbd2 a6 9. a4 c4 10. Bc2 Bd7 11. h4 b5 12. h5 Nf8 13. e4 f6 14. Qe2 b4 15. Nh4 g5 16. hxg6 hxg6 17. exd5 exd5 18. Rh2 Kf7 19. Kf1 b3 20. Bb1 Bc8 21. Nxc4 Nxd4 22. cxd4 dxc4 23. Be4 f5 24. Bxa8 Bxh4 25. Be5 Bf6 26. Rxh8 Bxh8 27. Bxh8 Qh4 28. Kg1 Qxh8 29. Qxc4+ Be6 30. d5 Bd7 31. Qxb3 Qe5 32. Rd1 Qe2 33. Bc6 Bc8 34. d6+ Kf6 35. Qc3+ Kf7 36. Re1 Qxe1+ 1-0

[Event "Thüringenliga 2025/26"]
[Site "?"]
[Date "2025.09.14"]
[Round "1.6"]
[White "Geißhirt, Marco"]
[Black "Bönisch, Julian"]
[Result "1-0"]
[WhiteElo "1990"]
[BlackElo "1851"]
[WhiteFideId "-1"]
[BlackFideId "-1"]
[PlyCount "65"]
[GameId "2224600198228719"]
[EventDate "2025.09.14"]
[EventType "team-tourn"]
[EventRounds "9"]
[SourceTitle "Thueringer Schachbund"]
[Source "ThSB"]
[SourceDate "2025.09.14"]
[SourceVersion "1"]
[SourceVersionDate "2025.09.14"]
[SourceQuality "1"]
[WhiteTeam "Ilmenauer SV"]
[BlackTeam "SV Schott Jena"]

{[%evp 0,65,31,9,42,30,41,14,13,-44,20,16,17,-6,-15,-55,-22,-40,-47,-51,-35,-27,-37,-65,0,6,22,5,-3,19,79,4,93,97,107,115,133,119,215,224,321,250,252,206,296,282,446,273,392,306,334,335,366,335,350,348,386,324,403,386,536,521,537,634,942,946,29999,29999]} 1. e4 e6 2. Nf3 d5 3. e5 c5 4. b4 b6 5. bxc5 bxc5 6. c3 Qa5 7. Bd3 Ba6 8. Bc2 Nd7 9. d3 Ne7 10. O-O Nc6 11. Re1 Nb6 12. Bd2 Bb7 13. a4 Be7 14. Na3 c4 15. d4 O-O-O 16. Ng5 Bxg5 17. Bxg5 Rdf8 18. Nb5 h6 19. Bc1 f5 20. Ba3 Rfg8 21. Bc5 Nd8 22. Qb1 g5 23. Qb2 Rg7 24. Rab1 Kb8 25. Nxa7 Nc8 26. Nb5 g4 27. Nd6 f4 28. Bb4 Qc7 29. a5 g3 30. fxg3 Ka8 31. a6 Bc6 32. Ba5 Qxa5 33. Qb8# 1-0

[Event "Thüringenliga 2025/26"]
[Site "?"]
[Date "2025.09.14"]
[Round "1.7"]
[White "Jung, Florian"]
[Black "Ortlepp, Steffen"]
[Result "1/2-1/2"]
[WhiteElo "1961"]
[BlackElo "1813"]
[WhiteFideId "-1"]
[BlackFideId "-1"]
[PlyCount "44"]
[GameId "2224600198277872"]
[EventDate "2025.09.14"]
[EventType "team-tourn"]
[EventRounds "9"]
[SourceTitle "Thueringer Schachbund"]
[Source "ThSB"]
[SourceDate "2025.09.14"]
[SourceVersion "1"]
[SourceVersionDate "2025.09.14"]
[SourceQuality "1"]
[WhiteTeam "SV Schott Jena"]
[BlackTeam "Ilmenauer SV"]

{[%evp 0,44,23,31,66,35,45,48,71,89,55,62,60,57,88,34,33,17,18,11,16,21,13,17,23,19,215,237,237,-8,77,-8,1,-51,1,-68,-8,-16,-11,5,-20,-13,-13,-145,-136,-136,-144]} 1. e4 c5 2. Nf3 Nc6 3. Nc3 g6 4. d4 cxd4 5. Nxd4 Bg7 6. Be3 Nf6 7. Be2 O-O 8. Nb3 d6 9. O-O a6 10. f4 b5 11. Bf3 Bb7 12. Qd2 Na5 13. Nxa5 Qxa5 14. Qf2 Qc7 15. Bb6 Qc8 16. Rfe1 Nd7 17. Be3 Nf6 18. a3 Ng4 19. Bxg4 Qxg4 20. h3 Qd7 21. Rad1 Bxc3 22. bxc3 Bxe4 1/2-1/2